00374nam a2200097Ia 45000010005000000080041000050820017000461000154000632450035002172600024002524191241024s9999 xx 000 0 und d aRD/707/R426b aRepública Dominicana. Ministerio de Educación. Viceministerio de Servicios y Técnicas Pedagógicas. Dirección de la Modalidad Artes (MINERD) 0aBachillerato en artes visuales bSanto Domingoc2016